No (teatro)

Gespeichert in:
Bibliographische Detailangaben
1. Verfasser: Aub, Max
Format: Buch
Sprache:Undetermined
Veröffentlicht: Madrid, España Cuadernos para el diálogo 1969
Schlagworte:
Tags: Tag hinzufügen
Keine Tags, Fügen Sie den ersten Tag hinzu!

MARC

LEADER 00000nam a2200000Ia 4500
008 170316s9999 xx 000 0 und d
040 |a cru BVZT 
090 |a 862 A-43n 
100 |a Aub, Max 
245 |a No (teatro) 
260 |a Madrid, España 
260 |b Cuadernos para el diálogo 
260 |c 1969 
300 |a 119 páginas 
650 |a LITERATURA ESPAÑOLA 
650 |a TEATRO 
999 |c 9454  |d 9454 
942 |c 15 D  |h 862 A-43n  |2 z